| 000 | 00615nam a2200181 a 4500 | ||
|---|---|---|---|
| 001 | 000034247 | ||
| 005 | 20200930070912.0 | ||
| 008 | 110929s2005 cu 000 0 spa d | ||
| 020 | _a9592588899 | ||
| 040 |
_aDO-SdBNP _bspa _cBNPHU |
||
| 100 | 1 |
_aVilches León, Eneida Elena _959664 |
|
| 245 | 1 | 0 |
_aManual de biología animal / _cEneida Elena Vilches León, Eneida Núñez Forment, Sergo Lázaro Díaz Álvarez. |
| 260 |
_aLa Habana : _bFélix Varela, _c2005. |
||
| 300 |
_a152 p. : _bil. ; _c25 cm. |
||
| 700 | 1 |
_aNúñez Forment, Eneida _959665 |
|
| 700 | 1 |
_aDíaz Álvarez, Sergio Lázaro _959666 |
|
| 049 | _aBNPD | ||
| 999 |
_c33738 _d33738 |
||